| 000 | 03379nam0a2200421 4500 | ||
|---|---|---|---|
| 001 | RU\NLR\bibl\1036917 | ||
| 005 | 20260407152230.0 | ||
| 010 |
_a5-94920-052-7 _bВ пер. _9600 |
||
| 021 |
_aRU _b2006-79854 _94050 |
||
| 035 | _a(nilc)RSL-KNO-002997022 | ||
| 035 | _a(NLR Aleph) 001024333 | ||
| 090 |
_a718504 _c718504 |
||
| 100 | _a20061208d2006 |||y0rusy50 ca | ||
| 101 | 0 | _arus | |
| 102 | _aRU | ||
| 105 | _aab zzzz||||| | ||
| 106 | _ar | ||
| 200 | 1 |
_aVI Конференция молодых специалистов организаций, осуществляющих виды деятельности, связанной с пользованием участками недр на территории Ханты-Мансийского автономного округа - Югры, Ханты-Мансийск, 15-17 марта 2006 года _eсборник материалов конференции |
|
| 210 |
_aУфа _cМонография _d2006 |
||
| 215 |
_a694, [1] с. _cил., цв. ил., карт. _d21 |
||
| 300 | _aВ надзаг.: Правительство Ханты-Мансийского авт. окр. - Югры, Югорский гос. ун-т, Югорский НИИ информ. технологий, ГП ХМАО - Югры "НАЦ рационального недропользования им. В.И. Шпильмана" | ||
| 320 | _aБиблиогр. в конце ст. | ||
| 320 | _aАвт. указ.: с. 681-682 | ||
| 606 | 1 |
_aНефть _jСъезды, совещания и т.п. _xДобыча _yХанты-Мансийский автономный округ _92236054 _3RU\NLR\auth\661341924 |
|
| 606 | 1 |
_aНефть _jСъезды, совещания и т.п. _xМесторождения _yХанты-Мансийский автономный округ-Югра _92248413 _3RU\NLR\auth\661348797 |
|
| 610 | 0 | _aНауки о Земле (геодезические, геофизические, геологические и географические науки) -- Региональный раздел наук о Земле -- Российская Федерация -- Тюменская область -- Ханты-Мансийский автономный округ -- Геологическая характеристика -- Полезные ископаемые -- Горючие полезные ископаемые -- Нефть -- Материалы конференции | |
| 610 | 0 | _aГорное дело -- Разработка нефтяных и газовых месторождений -- Материалы конференции | |
| 686 |
_aД9( 2Р53-4Тю-6Х)453.1я431(2) _2rubbk |
||
| 686 |
_aИ36я431(2) _2rubbk |
||
| 686 | _aИ361я431 | ||
| 686 | _aД454.1-09(2Р53-4Тю-6Х)я431 | ||
| 710 | 1 | 2 |
_aКонференция молодых специалистов организаций, осуществляющих виды деятельности, связанной с пользованием участками недр на территории Ханты-Мансийского автономного округа - Югры _d6 _f2006 _eХанты-Мансийск _3RU\NLR\AUTH\8810092459 _9686205 |
| 801 | 0 |
_aRU _bРКП _c20061208 _grcr |
|
| 801 | 1 |
_aRU _bРГБ _c20061208 |
|
| 801 | 2 |
_aRU _bNLR _c20070129 _grcr |
|
| 942 | _cBOOK | ||
| 980 | _aNB | ||